| 000 | 00439ntaaa2200169 4500 | ||
|---|---|---|---|
| 003 | 01 | ||
| 005 | 20251027201922.0 | ||
| 008 | 0714s1973 ag 01 | ||
| 040 |
_aAR-BaBN _bspa _cAR-BaBN _eaacr _dRIC |
||
| 082 | _a244.2000 H85 | ||
| 100 |
_aHoy, Billie Avis _917733 |
||
| 245 | _aCara cortada y la bruja | ||
| 250 |
_a1 ed. : _bCasa Bautista de Publicaciones, _cn.f. |
||
| 300 | _a70 p. | ||
| 650 |
_aCuentos Misioneros _916966 |
||
| 942 | _cBK | ||
| 999 |
_c13917 _d13917 |
||